[Event "April 9 Early 2024"]
[Site "Chess.com"]
[Date "2024.04.09"]
[Round "7"]
[White "Gokhale Rishabh Chandrashekhar"]
[Black "Korchmar, Vasiliy"]
[Result "0-1"]
[Board "64"]
[WhiteFideId "35007416"]
[BlackFideId "24131750"]
[BlackTitle "IM"]
[WhiteElo "2583"]
[BlackElo "2729"]
[WhiteTeam "IND"]
[BlackTeam "RUS"]
[WhiteClock "0:00:02"]
[BlackClock "0:00:04"]
[Variant "Standard"]

1. h3 {[%clk 0:02:56]}  d5 {[%clk 0:02:58]} 2. g3 {[%clk 0:02:56]}  e5 {[%clk 0:02:58]} 3. Bg2 {[%clk 0:02:56]}  g6 {[%clk 0:02:58]} 4. d3 {[%clk 0:02:56]}  Bg7 {[%clk 0:02:59]} 5. Nf3 {[%clk 0:02:57]}  Ne7 {[%clk 0:02:59]} 6. O-O {[%clk 0:02:57]}  O-O {[%clk 0:02:59]} 7. Nbd2 {[%clk 0:02:58]}  h6 {[%clk 0:02:51]} 8. e4 {[%clk 0:02:58]}  Nbc6 {[%clk 0:02:49]} 9. c3 {[%clk 0:02:58]}  Re8 {[%clk 0:02:48]} 10. a4 {[%clk 0:02:57]}  a5 {[%clk 0:02:47]} 11. Re1 {[%clk 0:02:56]}  g5 {[%clk 0:02:40]} 12. Qc2 {[%clk 0:02:48]}  Be6 {[%clk 0:02:37]} 13. exd5 {[%clk 0:02:25]}  Bxd5 {[%clk 0:02:38]} 14. Nc4 {[%clk 0:02:10]}  Ng6 {[%clk 0:02:38]} 15. Ne3 {[%clk 0:02:06]}  Be6 {[%clk 0:02:37]} 16. Nd2 {[%clk 0:02:06]}  f5 {[%clk 0:02:33]} 17. Nec4 {[%clk 0:01:48]}  Kh8 {[%clk 0:02:20]} 18. Qb3 {[%clk 0:01:39]}  Rb8 {[%clk 0:02:11]} 19. Qc2 {[%clk 0:01:31]}  Qd7 {[%clk 0:02:08]} 20. Nb3 {[%clk 0:01:12]}  Bxc4 {[%clk 0:02:04]} 21. dxc4 {[%clk 0:01:12]}  e4 {[%clk 0:02:05]} 22. Be3 {[%clk 0:01:09]}  Nce5 {[%clk 0:01:50]} 23. Nc5 {[%clk 0:00:58]}  Qe7 {[%clk 0:01:47]} 24. g4 {[%clk 0:00:44]}  f4 {[%clk 0:01:39]} 25. Bd4 {[%clk 0:00:44]}  f3 {[%clk 0:01:39]} 26. Bf1 {[%clk 0:00:38]}  Nf4 {[%clk 0:01:28]} 27. Qxe4 {[%clk 0:00:33]}  Qf7 {[%clk 0:01:25]} 28. Bxe5 {[%clk 0:00:26]}  Rxe5 {[%clk 0:01:25]} 29. Qxf3 {[%clk 0:00:19]}  Rxc5 {[%clk 0:01:24]} 30. Rad1 {[%clk 0:00:18]}  Rf8 {[%clk 0:01:24]} 31. Qxb7 {[%clk 0:00:17]}  Rxc4 {[%clk 0:00:56]} 32. Rd2 {[%clk 0:00:12]}  Rxa4 {[%clk 0:00:53]} 33. Qc6 {[%clk 0:00:10]}  Qb3 {[%clk 0:00:35]} 34. Re7 {[%clk 0:00:05]}  Ra1 {[%clk 0:00:27]} 35. Qxc7 {[%clk 0:00:03]}  Ne6 {[%clk 0:00:07]} 36. Rxe6 {[%clk 0:00:03]}  Qxe6 {[%clk 0:00:07]} 37. Qg3 {[%clk 0:00:03]}  Qe1 {[%clk 0:00:05]} 38. Rd7 {[%clk 0:00:02]}  Qxf1+ {[%clk 0:00:04]} 39. Kh2 {[%clk 0:00:02]} 0-1

[Event "April 9 Early 2024"]
[Site "Chess.com"]
[Date "2024.04.09"]
[Round "7"]
[White "Yagupov, Igor"]
[Black "Korley, Kassa"]
[Result "1/2-1/2"]
[Board "65"]
[WhiteFideId "4113632"]
[BlackFideId "2033801"]
[WhiteTitle "GM"]
[BlackTitle "IM"]
[WhiteElo "2580"]
[BlackElo "2729"]
[WhiteTeam "RUS"]
[BlackTeam "DEN"]
[WhiteClock "0:00:09"]
[BlackClock "0:00:23"]
[Variant "Standard"]

1. e4 {[%clk 0:03:00]}  c6 {[%clk 0:02:58]} 2. d4 {[%clk 0:02:59]}  d5 {[%clk 0:02:59]} 3. e5 {[%clk 0:03:00]}  Bf5 {[%clk 0:02:59]} 4. Nf3 {[%clk 0:03:00]}  e6 {[%clk 0:02:59]} 5. Be2 {[%clk 0:02:59]}  Ne7 {[%clk 0:02:57]} 6. O-O {[%clk 0:02:59]}  c5 {[%clk 0:02:57]} 7. dxc5 {[%clk 0:02:55]}  Nec6 {[%clk 0:02:57]} 8. Be3 {[%clk 0:02:48]}  Nd7 {[%clk 0:02:53]} 9. c4 {[%clk 0:02:46]}  dxc4 {[%clk 0:02:49]} 10. Na3 {[%clk 0:02:41]}  Bxc5 {[%clk 0:02:44]} 11. Nxc4 {[%clk 0:02:36]}  Bxe3 {[%clk 0:02:34]} 12. Nd6+ {[%clk 0:02:35]}  Ke7 {[%clk 0:02:34]} 13. fxe3 {[%clk 0:02:34]}  Ndxe5 {[%clk 0:02:30]} 14. Nxf5+ {[%clk 0:02:29]}  exf5 {[%clk 0:02:28]} 15. Nxe5 {[%clk 0:02:29]}  Nxe5 {[%clk 0:02:26]} 16. Qb3 {[%clk 0:02:22]}  Qb6 {[%clk 0:02:16]} 17. Rxf5 {[%clk 0:02:08]}  Qxb3 {[%clk 0:02:15]} 18. axb3 {[%clk 0:02:06]}  f6 {[%clk 0:02:14]} 19. Rf4 {[%clk 0:02:06]}  Rhc8 {[%clk 0:02:07]} 20. Rb4 {[%clk 0:02:01]}  Rc7 {[%clk 0:02:02]} 21. Bf3 {[%clk 0:01:57]}  Rd8 {[%clk 0:01:40]} 22. Rd4 {[%clk 0:01:09]}  b6 {[%clk 0:01:35]} 23. Rxd8 {[%clk 0:01:04]}  Kxd8 {[%clk 0:01:34]} 24. Rd1+ {[%clk 0:01:04]}  Ke7 {[%clk 0:01:34]} 25. Rd2 {[%clk 0:01:05]}  Rd7 {[%clk 0:01:24]} 26. Rd4 {[%clk 0:00:48]}  Rc7 {[%clk 0:01:10]} 27. Rd2 {[%clk 0:00:47]}  Rd7 {[%clk 0:01:01]} 28. Rd4 {[%clk 0:00:46]}  Rxd4 {[%clk 0:01:00]} 29. exd4 {[%clk 0:00:45]}  Nf7 {[%clk 0:00:59]} 30. Kf2 {[%clk 0:00:41]}  Kd6 {[%clk 0:00:59]} 31. Ke3 {[%clk 0:00:41]}  Ng5 {[%clk 0:00:57]} 32. Bb7 {[%clk 0:00:34]}  Ne6 {[%clk 0:00:54]} 33. b4 {[%clk 0:00:27]}  Nc7 {[%clk 0:00:51]} 34. Ke4 {[%clk 0:00:23]}  g6 {[%clk 0:00:49]} 35. g4 {[%clk 0:00:21]}  Ne6 {[%clk 0:00:42]} 36. h4 {[%clk 0:00:17]}  h5 {[%clk 0:00:40]} 37. gxh5 {[%clk 0:00:16]}  f5+ {[%clk 0:00:40]} 38. Ke3 {[%clk 0:00:11]}  gxh5 {[%clk 0:00:40]} 39. Bc8 {[%clk 0:00:11]}  f4+ {[%clk 0:00:32]} 40. Ke4 {[%clk 0:00:10]}  Nc7 {[%clk 0:00:24]} 41. Kxf4 {[%clk 0:00:09]}  Nd5+ {[%clk 0:00:24]} 42. Kg5 {[%clk 0:00:09]}  Nxb4 {[%clk 0:00:25]} 43. Kxh5 {[%clk 0:00:09]}  Nc6 {[%clk 0:00:21]} 44. Bb7 {[%clk 0:00:05]}  Nxd4 {[%clk 0:00:20]} 45. Kg6 {[%clk 0:00:06]}  Ne6 {[%clk 0:00:17]} 46. h5 {[%clk 0:00:05]}  Nf4+ {[%clk 0:00:17]} 47. Kg5 {[%clk 0:00:05]}  Nxh5 {[%clk 0:00:17]} 48. Kxh5 {[%clk 0:00:05]}  Kc5 {[%clk 0:00:18]} 49. Kg4 {[%clk 0:00:06]}  Kb4 {[%clk 0:00:19]} 50. Bd5 {[%clk 0:00:06]}  a5 {[%clk 0:00:19]} 51. Kf3 {[%clk 0:00:06]}  a4 {[%clk 0:00:19]} 52. Ke3 {[%clk 0:00:06]}  a3 {[%clk 0:00:19]} 53. bxa3+ {[%clk 0:00:07]}  Kxa3 {[%clk 0:00:20]} 54. Kd4 {[%clk 0:00:08]}  b5 {[%clk 0:00:20]} 55. Kc5 {[%clk 0:00:08]}  b4 {[%clk 0:00:21]} 56. Bc4 {[%clk 0:00:08]}  Ka4 {[%clk 0:00:21]} 57. Bd5 {[%clk 0:00:08]}  Ka3 {[%clk 0:00:22]} 58. Bc4 {[%clk 0:00:08]}  Ka4 {[%clk 0:00:22]} 59. Bd5 {[%clk 0:00:09]}  Ka3 {[%clk 0:00:23]} 1/2-1/2

[Event "April 9 Early 2024"]
[Site "Chess.com"]
[Date "2024.04.09"]
[Round "7"]
[White "Olhovik, Andrei"]
[Black "Papasimakopoulos, Alexandros"]
[Result "1-0"]
[Board "67"]
[WhiteFideId "13507397"]
[BlackFideId "4244125"]
[WhiteTitle "FM"]
[BlackTitle "FM"]
[WhiteElo "2577"]
[BlackElo "2722"]
[WhiteTeam "FID"]
[BlackTeam "GRE"]
[WhiteClock "0:01:09"]
[BlackClock "0:01:32"]
[Variant "Standard"]

1. d4 {[%clk 0:03:00]}  Nf6 {[%clk 0:02:57]} 2. c4 {[%clk 0:03:00]}  e6 {[%clk 0:02:56]} 3. Nc3 {[%clk 0:03:00]}  Bb4 {[%clk 0:02:55]} 4. a3 {[%clk 0:03:00]}  Bxc3+ {[%clk 0:02:55]} 5. bxc3 {[%clk 0:03:01]}  c5 {[%clk 0:02:54]} 6. f3 {[%clk 0:03:01]}  d6 {[%clk 0:02:47]} 7. e4 {[%clk 0:03:01]}  Nc6 {[%clk 0:02:47]} 8. Be3 {[%clk 0:03:01]}  b6 {[%clk 0:02:47]} 9. Ne2 {[%clk 0:03:00]}  e5 {[%clk 0:02:45]} 10. d5 {[%clk 0:02:44]}  Na5 {[%clk 0:02:45]} 11. Nc1 {[%clk 0:02:45]}  Ba6 {[%clk 0:02:44]} 12. Nb3 {[%clk 0:02:45]}  Nxc4 {[%clk 0:02:32]} 13. Bxc4 {[%clk 0:02:28]}  Bxc4 {[%clk 0:02:33]} 14. Nd2 {[%clk 0:02:28]}  b5 {[%clk 0:02:23]} 15. Nxc4 {[%clk 0:02:28]}  bxc4 {[%clk 0:02:24]} 16. Qa4+ {[%clk 0:02:25]}  Nd7 {[%clk 0:02:25]} 17. Rb1 {[%clk 0:02:08]}  O-O {[%clk 0:02:24]} 18. Qxc4 {[%clk 0:02:08]}  f5 {[%clk 0:02:21]} 19. O-O {[%clk 0:02:06]}  f4 {[%clk 0:02:18]} 20. Bf2 {[%clk 0:02:06]}  Qa5 {[%clk 0:02:11]} 21. Qb5 {[%clk 0:01:58]}  Qxb5 {[%clk 0:02:07]} 22. Rxb5 {[%clk 0:01:57]}  Rfb8 {[%clk 0:02:08]} 23. Rfb1 {[%clk 0:01:57]}  Rxb5 {[%clk 0:02:08]} 24. Rxb5 {[%clk 0:01:56]}  Rb8 {[%clk 0:02:07]} 25. Rxb8+ {[%clk 0:01:50]}  Nxb8 {[%clk 0:02:07]} 26. Bh4 {[%clk 0:01:48]}  Kf7 {[%clk 0:02:06]} 27. Bd8 {[%clk 0:01:40]}  Ke8 {[%clk 0:02:06]} 28. Bc7 {[%clk 0:01:38]}  Nd7 {[%clk 0:01:58]} 29. Bxd6 {[%clk 0:01:38]}  Kd8 {[%clk 0:01:59]} 30. Kf2 {[%clk 0:01:36]}  Kc8 {[%clk 0:01:59]} 31. Ke2 {[%clk 0:01:36]}  Kb7 {[%clk 0:02:00]} 32. Kd3 {[%clk 0:01:36]}  Kb6 {[%clk 0:02:00]} 33. Kc4 {[%clk 0:01:34]}  g5 {[%clk 0:01:56]} 34. Be7 {[%clk 0:01:30]}  h6 {[%clk 0:01:55]} 35. h3 {[%clk 0:01:29]}  a6 {[%clk 0:01:47]} 36. Bd6 {[%clk 0:01:28]}  Ka5 {[%clk 0:01:44]} 37. Bxc5 {[%clk 0:01:28]}  Ka4 {[%clk 0:01:45]} 38. d6 {[%clk 0:01:20]}  a5 {[%clk 0:01:42]} 39. Kd5 {[%clk 0:01:15]}  Kb3 {[%clk 0:01:41]} 40. Kc6 {[%clk 0:01:12]}  Nf6 {[%clk 0:01:36]} 41. d7 {[%clk 0:01:09]}  Nxd7 {[%clk 0:01:36]} 42. Kxd7 {[%clk 0:01:10]}  Kxc3 {[%clk 0:01:36]} 43. Bf8 {[%clk 0:01:09]}  h5 {[%clk 0:01:35]} 44. Ke6 {[%clk 0:01:10]}  Kd4 {[%clk 0:01:35]} 45. Kf5 {[%clk 0:01:09]}  a4 {[%clk 0:01:32]} 46. Kxg5 {[%clk 0:01:09]} 1-0

[Event "April 9 Early 2024"]
[Site "Chess.com"]
[Date "2024.04.09"]
[Round "7"]
[White "Aaditya Dhingra"]
[Black "Kleiman, Jake"]
[Result "0-1"]
[Board "70"]
[WhiteFideId "25678191"]
[BlackFideId "2020041"]
[WhiteTitle "IM"]
[BlackTitle "IM"]
[WhiteElo "2536"]
[BlackElo "2709"]
[WhiteTeam "IND"]
[BlackTeam "USA"]
[WhiteClock "0:00:45"]
[BlackClock "0:00:44"]
[Variant "Standard"]

1. e4 {[%clk 0:03:00]}  e5 {[%clk 0:02:58]} 2. Nf3 {[%clk 0:03:00]}  Nc6 {[%clk 0:02:59]} 3. Bc4 {[%clk 0:03:00]}  Bc5 {[%clk 0:02:59]} 4. c3 {[%clk 0:02:56]}  Nf6 {[%clk 0:02:59]} 5. d3 {[%clk 0:02:56]}  O-O {[%clk 0:02:59]} 6. O-O {[%clk 0:02:56]}  d5 {[%clk 0:02:59]} 7. exd5 {[%clk 0:02:56]}  Nxd5 {[%clk 0:03:00]} 8. Re1 {[%clk 0:02:56]}  Nb6 {[%clk 0:02:52]} 9. Bb5 {[%clk 0:02:48]}  f6 {[%clk 0:02:45]} 10. a4 {[%clk 0:02:33]}  a6 {[%clk 0:02:42]} 11. Bxc6 {[%clk 0:02:30]}  bxc6 {[%clk 0:02:42]} 12. a5 {[%clk 0:02:26]}  Nd5 {[%clk 0:02:41]} 13. d4 {[%clk 0:02:26]}  exd4 {[%clk 0:02:41]} 14. Nxd4 {[%clk 0:02:25]}  Qd6 {[%clk 0:02:33]} 15. Na3 {[%clk 0:02:15]}  Ba7 {[%clk 0:02:15]} 16. Nc4 {[%clk 0:02:11]}  Qc5 {[%clk 0:02:15]} 17. Qd3 {[%clk 0:01:57]}  Bd7 {[%clk 0:01:35]} 18. b3 {[%clk 0:01:56]}  Nxc3 {[%clk 0:01:22]} 19. Ba3 {[%clk 0:01:37]}  Qxd4 {[%clk 0:01:22]} 20. Qxd4 {[%clk 0:01:36]}  Bxd4 {[%clk 0:01:23]} 21. Bxf8 {[%clk 0:01:36]}  Kxf8 {[%clk 0:01:24]} 22. Rac1 {[%clk 0:01:27]}  c5 {[%clk 0:01:18]} 23. Nd2 {[%clk 0:01:22]}  Bc6 {[%clk 0:01:12]} 24. Nb1 {[%clk 0:01:14]}  Nxb1 {[%clk 0:00:58]} 25. Rxb1 {[%clk 0:01:13]}  Kf7 {[%clk 0:00:55]} 26. h3 {[%clk 0:00:56]}  Rb8 {[%clk 0:00:54]} 27. Red1 {[%clk 0:00:55]}  Rb4 {[%clk 0:00:51]} 28. Rbc1 {[%clk 0:00:45]}  Bd5 {[%clk 0:00:44]} 0-1

[Event "April 9 Early 2024"]
[Site "Chess.com"]
[Date "2024.04.09"]
[Round "7"]
[White "Aliyev, Ravan"]
[Black "Kubicka, Anna"]
[Result "1-0"]
[Board "73"]
[WhiteFideId "13409980"]
[BlackFideId "1152254"]
[WhiteTitle "FM"]
[BlackTitle "WIM"]
[WhiteElo "2694"]
[BlackElo "2516"]
[WhiteTeam "AZE"]
[BlackTeam "POL"]
[WhiteClock "0:00:06"]
[BlackClock "0:00:00"]
[Variant "Standard"]

1. Nf3 {[%clk 0:03:00]}  c5 {[%clk 0:02:58]} 2. e3 {[%clk 0:03:00]}  g6 {[%clk 0:02:58]} 3. d4 {[%clk 0:03:00]}  Bg7 {[%clk 0:02:58]} 4. dxc5 {[%clk 0:02:59]}  Qa5+ {[%clk 0:02:56]} 5. Nbd2 {[%clk 0:02:59]}  Qxc5 {[%clk 0:02:56]} 6. a3 {[%clk 0:03:00]}  Qc7 {[%clk 0:02:51]} 7. Be2 {[%clk 0:02:59]}  Nf6 {[%clk 0:02:51]} 8. c4 {[%clk 0:02:55]}  O-O {[%clk 0:02:49]} 9. O-O {[%clk 0:02:55]}  d5 {[%clk 0:02:47]} 10. cxd5 {[%clk 0:02:53]}  Nxd5 {[%clk 0:02:48]} 11. Bc4 {[%clk 0:02:50]}  Nb6 {[%clk 0:02:37]} 12. Ba2 {[%clk 0:02:50]}  Nc6 {[%clk 0:02:34]} 13. Qe2 {[%clk 0:02:49]}  Rd8 {[%clk 0:02:30]} 14. h3 {[%clk 0:02:37]}  Bf5 {[%clk 0:02:05]} 15. e4 {[%clk 0:02:35]}  Bd7 {[%clk 0:02:00]} 16. Nc4 {[%clk 0:02:26]}  Nd4 {[%clk 0:01:50]} 17. Nxd4 {[%clk 0:02:24]}  Bxd4 {[%clk 0:01:51]} 18. Bg5 {[%clk 0:02:23]}  Bb5 {[%clk 0:01:41]} 19. Rac1 {[%clk 0:02:18]}  Rac8 {[%clk 0:01:27]} 20. b3 {[%clk 0:02:02]}  Bxc4 {[%clk 0:01:20]} 21. bxc4 {[%clk 0:02:03]}  Qe5 {[%clk 0:01:20]} 22. Bh4 {[%clk 0:02:00]}  Bc5 {[%clk 0:01:12]} 23. Kh1 {[%clk 0:01:57]}  Bxa3 {[%clk 0:01:08]} 24. f4 {[%clk 0:01:45]}  Qc5 {[%clk 0:00:27]} 25. Bf2 {[%clk 0:01:34]}  Qa5 {[%clk 0:00:24]} 26. Rcd1 {[%clk 0:01:31]}  Nd7 {[%clk 0:00:20]} 27. e5 {[%clk 0:01:30]}  Nc5 {[%clk 0:00:19]} 28. Bh4 {[%clk 0:01:01]}  Ne6 {[%clk 0:00:16]} 29. Rd5 {[%clk 0:00:59]}  Qc7 {[%clk 0:00:11]} 30. Qg4 {[%clk 0:00:53]}  Ng7 {[%clk 0:00:06]} 31. Rfd1 {[%clk 0:00:47]}  Bc5 {[%clk 0:00:04]} 32. Bb1 {[%clk 0:00:42]}  b6 {[%clk 0:00:02]} 33. f5 {[%clk 0:00:37]}  Rxd5 {[%clk 0:00:02]} 34. Rxd5 {[%clk 0:00:34]}  e6 {[%clk 0:00:02]} 35. fxe6 {[%clk 0:00:21]}  fxe6 {[%clk 0:00:02]} 36. Rd1 {[%clk 0:00:21]}  Rf8 {[%clk 0:00:02]} 37. Bf6 {[%clk 0:00:21]}  Qf7 {[%clk 0:00:02]} 38. Be4 {[%clk 0:00:14]}  Nh5 {[%clk 0:00:02]} 39. Rf1 {[%clk 0:00:14]}  Nxf6 {[%clk 0:00:02]} 40. exf6 {[%clk 0:00:13]}  Rd8 {[%clk 0:00:02]} 41. h4 {[%clk 0:00:08]}  Bd4 {[%clk 0:00:02]} 42. h5 {[%clk 0:00:08]}  Bxf6 {[%clk 0:00:02]} 43. hxg6 {[%clk 0:00:06]}  hxg6 {[%clk 0:00:03]} 44. Bxg6 {[%clk 0:00:07]}  Qg7 {[%clk 0:00:03]} 45. Qxe6+ {[%clk 0:00:07]}  Kh8 {[%clk 0:00:03]} 46. Qxf6 {[%clk 0:00:06]}  Qxf6 {[%clk 0:00:02]} 47. Rxf6 {[%clk 0:00:07]}  Rd4 {[%clk 0:00:00]} 48. Rc6 {[%clk 0:00:06]} 1-0

[Event "April 9 Early 2024"]
[Site "Chess.com"]
[Date "2024.04.10"]
[Round "7"]
[White "Aakash G"]
[Black "Shkapenko, Pavel"]
[Result "0-1"]
[Board "78"]
[WhiteFideId "25644394"]
[BlackFideId "4151933"]
[WhiteTitle "CM"]
[BlackTitle "IM"]
[WhiteElo "2324"]
[BlackElo "2681"]
[WhiteTeam "IND"]
[BlackTeam "FID"]
[WhiteClock "0:01:22"]
[BlackClock "0:00:30"]
[Variant "Standard"]

1. d4 {[%clk 0:02:57]}  d5 {[%clk 0:02:58]} 2. c4 {[%clk 0:02:57]}  dxc4 {[%clk 0:02:58]} 3. Nf3 {[%clk 0:02:56]}  Nf6 {[%clk 0:02:56]} 4. Bf4 {[%clk 0:02:56]}  e6 {[%clk 0:02:51]} 5. e3 {[%clk 0:02:55]}  Bb4+ {[%clk 0:02:42]} 6. Nc3 {[%clk 0:02:56]}  Nd5 {[%clk 0:02:42]} 7. Qc2 {[%clk 0:02:52]}  Nxf4 {[%clk 0:02:35]} 8. exf4 {[%clk 0:02:53]}  b5 {[%clk 0:02:35]} 9. Be2 {[%clk 0:02:50]}  Bb7 {[%clk 0:02:31]} 10. O-O {[%clk 0:02:48]}  a6 {[%clk 0:02:13]} 11. Rad1 {[%clk 0:02:43]}  O-O {[%clk 0:02:11]} 12. d5 {[%clk 0:02:41]}  Qf6 {[%clk 0:02:00]} 13. Ne4 {[%clk 0:02:36]}  Qxf4 {[%clk 0:01:59]} 14. g3 {[%clk 0:02:30]}  Qh6 {[%clk 0:01:59]} 15. dxe6 {[%clk 0:02:25]}  Qxe6 {[%clk 0:01:58]} 16. Neg5 {[%clk 0:02:16]}  Qg6 {[%clk 0:01:58]} 17. Qc1 {[%clk 0:02:13]}  Nc6 {[%clk 0:01:48]} 18. Nh4 {[%clk 0:02:10]}  Qf6 {[%clk 0:01:45]} 19. Ne4 {[%clk 0:02:08]}  Qe5 {[%clk 0:01:42]} 20. Rfe1 {[%clk 0:02:03]}  Bxe1 {[%clk 0:01:37]} 21. Rxe1 {[%clk 0:02:04]}  Qxe4 {[%clk 0:01:35]} 22. Bf3 {[%clk 0:02:02]}  Qd3 {[%clk 0:01:18]} 23. Be4 {[%clk 0:01:55]}  Qd6 {[%clk 0:01:17]} 24. Nf5 {[%clk 0:01:54]}  Qf6 {[%clk 0:01:16]} 25. g4 {[%clk 0:01:50]}  Rfe8 {[%clk 0:00:44]} 26. Re3 {[%clk 0:01:44]}  Rxe4 {[%clk 0:00:40]} 27. Rxe4 {[%clk 0:01:43]}  Ne5 {[%clk 0:00:41]} 28. Rf4 {[%clk 0:01:31]}  Nd3 {[%clk 0:00:36]} 29. Qe3 {[%clk 0:01:31]}  Nxf4 {[%clk 0:00:35]} 30. Qxf4 {[%clk 0:01:32]}  Qxb2 {[%clk 0:00:31]} 31. h3 {[%clk 0:01:28]}  Re8 {[%clk 0:00:30]} 32. Kh2 {[%clk 0:01:22]}  Qe5 {[%clk 0:00:30]} 0-1

[Event "April 9 Early 2024"]
[Site "Chess.com"]
[Date "2024.04.09"]
[Round "7"]
[White "Palencia Morales, Wilson Guillermo"]
[Black "Seo, Jung Min"]
[Result "0-1"]
[Board "82"]
[WhiteFideId "4401859"]
[BlackFideId "1734687"]
[WhiteTitle "IM"]
[BlackTitle "IM"]
[WhiteElo "2601"]
[BlackElo "2860"]
[WhiteTeam "COL"]
[BlackTeam "SWE"]
[WhiteClock "0:01:30"]
[BlackClock "0:01:31"]
[Variant "Standard"]

1. d4 {[%clk 0:02:59]}  Nf6 {[%clk 0:03:00]} 2. c4 {[%clk 0:02:54]}  e6 {[%clk 0:03:00]} 3. Nf3 {[%clk 0:02:55]}  b6 {[%clk 0:02:59]} 4. g3 {[%clk 0:02:55]}  Ba6 {[%clk 0:02:59]} 5. Qc2 {[%clk 0:02:55]}  c5 {[%clk 0:02:58]} 6. d5 {[%clk 0:02:46]}  exd5 {[%clk 0:02:58]} 7. cxd5 {[%clk 0:02:46]}  Bb7 {[%clk 0:02:58]} 8. Bg2 {[%clk 0:02:30]}  Nxd5 {[%clk 0:02:58]} 9. O-O {[%clk 0:02:30]}  Be7 {[%clk 0:02:58]} 10. Rd1 {[%clk 0:02:29]}  Nc7 {[%clk 0:02:56]} 11. Nc3 {[%clk 0:02:28]}  Nc6 {[%clk 0:02:55]} 12. Bf4 {[%clk 0:02:22]}  Ne6 {[%clk 0:02:51]} 13. e3 {[%clk 0:02:21]}  O-O {[%clk 0:02:51]} 14. Bd6 {[%clk 0:02:18]}  Nb4 {[%clk 0:02:29]} 15. Qd2 {[%clk 0:02:06]}  Bc6 {[%clk 0:02:14]} 16. a3 {[%clk 0:02:00]}  Na6 {[%clk 0:02:14]} 17. Ne5 {[%clk 0:01:57]}  Bxg2 {[%clk 0:02:13]} 18. Kxg2 {[%clk 0:01:57]}  Nac7 {[%clk 0:01:50]} 19. Bxe7 {[%clk 0:01:54]}  Qxe7 {[%clk 0:01:50]} 20. Qxd7 {[%clk 0:01:55]}  Qf6 {[%clk 0:01:50]} 21. Nf3 {[%clk 0:01:48]}  Rad8 {[%clk 0:01:31]} 22. Qc6 {[%clk 0:01:30]}  Nf4+ {[%clk 0:01:31]} 0-1

[Event "April 9 Early 2024"]
[Site "Chess.com"]
[Date "2024.04.09"]
[Round "7"]
[White "Bartel, Michal"]
[Black "Bartel, Mateusz"]
[Result "0-1"]
[Board "83"]
[WhiteFideId "1119257"]
[BlackFideId "1112635"]
[WhiteTitle "FM"]
[BlackTitle "GM"]
[WhiteElo "2593"]
[BlackElo "2815"]
[WhiteTeam "POL"]
[BlackTeam "POL"]
[WhiteClock "0:00:19"]
[BlackClock "0:00:43"]
[Variant "Standard"]

1. g4 {[%clk 0:02:59]}  d5 {[%clk 0:02:59]} 2. Bg2 {[%clk 0:02:59]}  c6 {[%clk 0:02:58]} 3. g5 {[%clk 0:02:55]}  e5 {[%clk 0:02:57]} 4. d3 {[%clk 0:02:51]}  Bd6 {[%clk 0:02:55]} 5. e4 {[%clk 0:02:48]}  Ne7 {[%clk 0:02:50]} 6. Nc3 {[%clk 0:02:40]}  Be6 {[%clk 0:02:44]} 7. h4 {[%clk 0:02:33]}  Nd7 {[%clk 0:02:43]} 8. h5 {[%clk 0:02:31]}  f5 {[%clk 0:02:24]} 9. gxf6 {[%clk 0:02:14]}  Nxf6 {[%clk 0:02:24]} 10. h6 {[%clk 0:02:06]}  g6 {[%clk 0:02:18]} 11. Bg5 {[%clk 0:02:01]}  O-O {[%clk 0:02:18]} 12. Qd2 {[%clk 0:01:52]}  d4 {[%clk 0:02:02]} 13. Nce2 {[%clk 0:01:48]}  Qb6 {[%clk 0:02:01]} 14. c3 {[%clk 0:01:38]}  Ng4 {[%clk 0:01:58]} 15. Nh3 {[%clk 0:01:33]}  dxc3 {[%clk 0:01:53]} 16. Nxc3 {[%clk 0:01:33]}  Rad8 {[%clk 0:01:44]} 17. O-O-O {[%clk 0:01:18]}  Nxf2 {[%clk 0:01:17]} 18. Na4 {[%clk 0:01:14]}  Qd4 {[%clk 0:01:14]} 19. Nc3 {[%clk 0:00:34]}  Nxh1 {[%clk 0:00:59]} 20. Rxh1 {[%clk 0:00:30]}  Bb4 {[%clk 0:00:56]} 21. Rd1 {[%clk 0:00:29]}  Bg4 {[%clk 0:00:49]} 22. Re1 {[%clk 0:00:20]}  Qxd3 {[%clk 0:00:46]} 23. Qxd3 {[%clk 0:00:20]}  Rxd3 {[%clk 0:00:43]} 24. a3 {[%clk 0:00:19]} 0-1